[Event "CRO-chT1A 28th"]
[Site "Mali Losinj"]
[Date "2019.10.05"]
[Round "8.16"]
[White "Feletar, Darko"]
[Black "Medak, Bojan"]
[Result "1/2-1/2"]
[WhiteElo "2356"]
[BlackElo "2351"]
[PlyCount "23"]
[EventDate "2019.09.28"]
[EventType "team-tourn"]
[EventRounds "9"]
[EventCountry "CRO"]
[SourceTitle "EXT 2020"]
[Source "ChessBase"]
[SourceDate "2019.10.17"]
[SourceVersion "1"]
[SourceVersionDate "2019.10.17"]
[SourceQuality "1"]
[WhiteTeam "Osijek Ferit"]
[BlackTeam "Kastel Novi"]
[WhiteTeamCountry "CRO"]
[BlackTeamCountry "CRO"]

1. d4 d6 2. e4 Nf6 3. Nc3 g6 4. Nf3 Bg7 5. h3 0-0 6. Be3 c6 7. a4 Nbd7 8. Be2 e5 9. dxe5 dxe5 10. 0-0 Qe7 11. Nd2 Nc5 12. Bc4 1/2-1/2

[Event "CRO-chT1A 28th"]
[Site "Mali Losinj"]
[Date "2019.10.03"]
[Round "6.26"]
[White "Zelcic, Robert"]
[Black "Feletar, Darko"]
[Result "1-0"]
[WhiteElo "2503"]
[BlackElo "2356"]
[PlyCount "125"]
[EventDate "2019.09.28"]
[EventType "team-tourn"]
[EventRounds "9"]
[EventCountry "CRO"]
[SourceTitle "EXT 2020"]
[Source "ChessBase"]
[SourceDate "2019.10.17"]
[SourceVersion "1"]
[SourceVersionDate "2019.10.17"]
[SourceQuality "1"]
[WhiteTeam "Zagreb Zagreb"]
[BlackTeam "Osijek Ferit"]
[WhiteTeamCountry "CRO"]
[BlackTeamCountry "CRO"]

1. e4 c5 2. Nf3 d6 3. d4 Nf6 4. Nc3 cxd4 5. Qxd4 a6 6. Bg5 Nc6 7. Qd2 e6 8. 0-0-0 h6 9. Bh4 Bd7 10. Qe1 Qa5 11. Kb1 Be7 12. Bg3 Ne5 13. Nd2 g5 14. h4 Rg8 15. hxg5 hxg5 16. Nc4 Qc7 17. Nxe5 dxe5 18. f3 Rc8 19. Rh6 Bc6 20. Bd3 Nd7 21. Qh1 Bf6 22. Qh2 Ke7 23. Bc4 Rh8 24. Rxh8 Rxh8 25. Qg1 b5 26. Bb3 Rb8 27. Nd5+ exd5 28. exd5 Bxd5 29. Bxd5 Rc8 30. Be4 Nc5 31. Bf5 Rd8 32. Rxd8 Kxd8 33. Bf2 Be7 34. Be3 Qd6 35. Qc1 f6 36. Qe1 Kc7 37. b3 Nb7 38. Qc3+ Qc6 39. Qe1 Bc5 40. Be4 Qd6 41. Bd2 Qd4 42. c3 Qg1 43. Qxg1 Bxg1 44. Bxb7 Kxb7 45. Kc2 Kc6 46. Kd3 Kd5 47. g4 Bf2 48. c4+ bxc4+ 49. bxc4+ Ke6 50. Ke4 Bc5 51. Ba5 Ba7 52. Bb4 Bb6 53. c5 Bd8 54. c6 a5 55. Bc5 a4 56. Kd3 Kd5 57. Be7 Bc7 58. Bxf6 Kxc6 59. Ke4 Kc5 60. Bxg5 Bd6 61. Bh6 Kb4 62. g5 Be7 63. g6 1-0

[Event "GER M08-C email"]
[Site "GER email"]
[Date "2019.06.19"]
[Round "?"]
[White "Feletar, Darko"]
[Black "Kovac, Stanko"]
[Result "1/2-1/2"]
[WhiteElo "2417"]
[BlackElo "2410"]
[PlyCount "44"]
[EventDate "2019.??.??"]
[EventType "tourn (corr)"]
[EventRounds "10"]
[EventCountry "GER"]
[SourceTitle "Corr 2022"]
[Source "ChessBase"]
[SourceDate "2021.10.24"]
[SourceVersion "1"]
[SourceVersionDate "2021.10.24"]
[SourceQuality "1"]

1. e4 e5 2. Nf3 Nc6 3. Bb5 Nf6 4. d3 Bc5 5. c3 0-0 6. 0-0 Re8 7. Bg5 a6 8. Ba4 h6 9. Bh4 Be7 10. Bg3 d6 11. Nbd2 Bg4 12. h3 Bh5 13. Qb1 Nh7 14. Re1 Ng5 15. Bd1 Bg6 16. Bc2 a5 17. a4 Ne6 18. Bb3 Bf6 19. Qc2 Nb8 20. Nf1 Nd7 21. Ba2 c6 22. Ne3 Nec5 1/2-1/2

[Event "GER M08-C email"]
[Site "GER email"]
[Date "2019.06.19"]
[Round "?"]
[White "Lakatos, Stefan"]
[Black "Feletar, Darko"]
[Result "1-0"]
[WhiteElo "2413"]
[BlackElo "2417"]
[PlyCount "139"]
[EventDate "2019.??.??"]
[EventType "tourn (corr)"]
[EventRounds "10"]
[EventCountry "GER"]
[SourceTitle "Corr 2022"]
[Source "ChessBase"]
[SourceDate "2021.10.24"]
[SourceVersion "1"]
[SourceVersionDate "2021.10.24"]
[SourceQuality "1"]

1. d4 Nf6 2. c4 g6 3. Nc3 d5 4. cxd5 Nxd5 5. e4 Nxc3 6. bxc3 Bg7 7. Nf3 c5 8. Rb1 0-0 9. Be2 b6 10. 0-0 Bb7 11. Qd3 Ba6 12. Qe3 Qd7 13. d5 Bxe2 14. Qxe2 Bxc3 15. Bh6 Bg7 16. Bxg7 Kxg7 17. Rbd1 Re8 18. Qb2+ Kg8 19. Rfe1 Qa4 20. h4 Nd7 21. Qd2 f6 22. h5 Nf8 23. Nh4 Kg7 24. Qf4 Rad8 25. Qg3 e6 26. f4 Rd7 27. d6 Kg8 28. e5 f5 29. hxg6 hxg6 30. Nf3 Rh7 31. Ng5 Rh6 32. Rd3 a5 33. Ra3 Qc4 34. Rf1 a4 35. Qd3 Qb4 36. Rc3 Rh4 37. Qc4 Qa5 38. Rd3 Rg4 39. Rb1 Qa8 40. Rb2 Rd8 41. g3 Rxg5 42. fxg5 Qa5 43. Rc3 Rd7 44. Rh2 Qa8 45. Rh6 Kf7 46. g4 b5 47. Qxc5 Qe4 48. gxf5 Qe1+ 49. Kg2 Qd2+ 50. Kh3 exf5 51. Qe3 Qxe3+ 52. Rxe3 Ke6 53. Rh8 Rd8 54. d7 b4 55. Kg3 Rb8 56. Rd3 Nxd7 57. Rd6+ Kxe5 58. Rxb8 Kxd6 59. Rxb4 a3 60. Rb3 Ke5 61. Rxa3 Nc5 62. Ra5 Kd4 63. Ra8 Ne4+ 64. Kf4 Nf2 65. Ra6 Nd3+ 66. Kg3 Ne5 67. a4 Ke4 68. Rf6 Nc4 69. Rxg6 f4+ 70. Kf2 1-0

[Event "GER M08-C email"]
[Site "GER email"]
[Date "2019.06.19"]
[Round "?"]
[White "Todorov, Dimitar"]
[Black "Feletar, Darko"]
[Result "1/2-1/2"]
[WhiteElo "2429"]
[BlackElo "2417"]
[PlyCount "155"]
[EventDate "2019.??.??"]
[EventType "tourn (corr)"]
[EventRounds "10"]
[EventCountry "GER"]
[SourceTitle "Corr 2024"]
[Source "ChessBase"]
[SourceDate "2023.10.19"]
[SourceVersion "1"]
[SourceVersionDate "2023.10.19"]
[SourceQuality "1"]

1. Nf3 d5 2. d4 Nf6 3. c4 e6 4. Nc3 Bb4 5. Qa4+ Nc6 6. e3 0-0 7. Qc2 b6 8. Bd2 Bb7 9. a3 Bd6 10. cxd5 exd5 11. Bd3 a6 12. b4 Re8 13. 0-0 Ne7 14. Rfc1 Ng6 15. b5 a5 16. Be1 Ne4 17. Nd2 Nxc3 18. Qxc3 Qf6 19. Qc2 h6 20. Qb2 Bc8 21. Rc3 Bf5 22. Be2 Ne7 23. f3 h5 24. Bf2 h4 25. h3 Rac8 26. Nf1 Qh6 27. Re1 f6 28. Kh1 Kh8 29. Qa2 Bh7 30. Nh2 Bg6 31. Kg1 Rcd8 32. Ng4 Qh7 33. Bd1 Bb1 34. Qb2 Bg6 35. Qc1 Rd7 36. Bb3 Bf5 37. Kh1 Bd3 38. Qd1 Bg6 39. Ba2 Rdd8 40. Qc1 Rd7 41. Rd1 Qh5 42. Bb3 Qh7 43. Qb2 Qh5 44. Rf1 Rdd8 45. Kg1 Qh7 46. Re1 Bf5 47. Nh2 Bg6 48. Rec1 Qh5 49. Qa2 Bf5 50. Bd1 Qh7 51. Kh1 Bd3 52. Qb3 Bf5 53. Be2 Bg6 54. Nf1 Qh5 55. Qd1 Qg5 56. Qd2 Bh7 57. Nh2 Nf5 58. f4 Qg6 59. Qd1 Re7 60. Bd3 Qf7 61. Qg4 Qe6 62. Kg1 g5 63. fxg5 fxg5 64. Nf3 Rg7 65. Re1 Rf8 66. e4 dxe4 67. Bxe4 Qf6 68. Re2 Ng3 69. Bxg3 hxg3 70. Qh5 Qf7 71. Qxf7 Rfxf7 72. Bxh7 Kxh7 73. a4 g4 74. hxg4 Rxg4 75. Re4 Rxe4 76. Ng5+ Kh8 77. Nxe4 Rf4 78. Nxd6 1/2-1/2

[Event "CRO-chT1A 27th"]
[Site "Biograd"]
[Date "2018.09.08"]
[Round "1.15"]
[White "Feletar, Darko"]
[Black "Kurajica, Bojan"]
[Result "1/2-1/2"]
[WhiteElo "2364"]
[BlackElo "2526"]
[PlyCount "73"]
[EventDate "2018.09.08"]
[EventType "team-tourn"]
[EventRounds "9"]
[EventCountry "CRO"]
[SourceTitle "CBM 186 Extra"]
[Source "ChessBase"]
[SourceDate "2018.08.24"]
[SourceVersion "1"]
[SourceVersionDate "2018.08.24"]
[SourceQuality "1"]
[WhiteTeam "Osijek Ferit"]
[BlackTeam "Solin Cemex"]
[WhiteTeamCountry "CRO"]
[BlackTeamCountry "CRO"]

1. e4 c5 2. Nf3 Nc6 3. d4 cxd4 4. Nxd4 Qc7 5. Nc3 e6 6. Be3 a6 7. Qd2 b5 8. f3 Ne5 9. 0-0-0 Bb7 10. Kb1 Rc8 11. Bf4 f6 12. Nb3 Bb4 13. Bxe5 fxe5 14. Bxb5 axb5 15. Nxb5 Bxd2 16. Nxc7+ Rxc7 17. Rxd2 Nf6 18. Re1 g5 19. Na5 Ba6 20. Rd6 Ra7 21. c4 Ke7 22. Rb6 Rc8 23. Rc1 Ne8 24. b4 Rca8 25. Rd1 Nc7 26. a3 Rf8 27. h3 h5 28. Rbd6 Bc8 29. R6d3 Ra6 30. Kb2 d6 31. R1d2 Rd8 32. Rd1 Rxa5 33. bxa5 Na6 34. Rb3 Nc5 35. Rb8 Kd7 36. Kc3 Kc7 37. Rdb1 1/2-1/2